Statistics for World Capitals Closest to Andorra la Vella

Click here to take the quiz!

General Stats

  • This quiz has been taken 139 times
  • The average score is 17 of 20

Answer Stats

kmcapitalmiles% Correct
494Madrid307
100%
710Paris441
99%
907Rome563
99%
994Lisbon617
96%
681Bern423
93%
953Brussels952
93%
1010London627
93%
499Monaco310
93%
887Luxembourg551
91%
900San Marino599
91%
906Vatican City562
90%
654Algiers406
89%
1127Amsterdam700
89%
1321Vienna821
88%
973Tunis605
85%
1198Rabat744
81%
815Vaduz506
78%
1209Zagreb751
69%
1106Ljubljana687
67%
1300Prague807
64%

Score Distribution

Percentile by Number Answered

Percent of People with Each Score

Your Score History

You have not taken this quiz